000 00908nam a22003497a 4500
001 BR2015003764
003 BR-BrBNA
005 20230928104652.0
007 ta
008 230509b bl.||||| |||| 00| 0 por d
040 _aBR-BrBNA
_bpor
_cBiblioteca Nacional de Agricultura
041 _a(Por)
072 _aL01
_b9340
090 _ 9340 BR2015003764
100 1 _aSturm, G.
100 1 _aKubiski, R.U.
100 1 _aGruber, W.S.
110 1 _aUniversidade Tecnológica Federal do Paraná, Curitiba, PR (Brasil)
_911301
245 1 _aProjeto Vale do mel
260 3 _aCuritiba, PR (Brasil):
_c2009.
300 _a84 p.
500 _a27 ref.; 25 illus.; 13 tables
650 _aMEL
650 _aAPIÁRIO
650 _aPRODUÇÃO
650 _aMERCADO
650 _aCLIMA
650 _aVEGETAÇÃO
650 _aHIDROGRAFIA
909 _a202309
_bLucia
_c55
_dLucia Elande
942 _cBK
999 _c81128
_d81128